00867 2200301 4500001002100000005001500021035002000036007000300056008004100059020002200100082001700122084001900139100002800158245003900186250003400225300003100259650002600290504003400316264004100350336002100391337003000412338002300442040002200465090002200487850001200509999002200521990002200543INLIS00000000088204120230921113212 a0010-0923000633ta230921s2023 yoia g ind d a978-623-473-112-504223a303.3401 a303.3401 BUD t0 aBudi SunarsoePengarang10aTeori kepemimpinan /cBudi Sunarso aCetakan Pertama, Januari 2023 aviii, 148 halaman ;c21 cm 4aKepemimpinan--xTeori aBibliografi : halaman 141-14831aSleman :bMadani Berkah Abadi,c2023 2rdacontentateks 2rdamediaatanpa perantara 2rdacarrieravolume aYOPDYOGbinderda aCB-D.11 2023-2064 aYOPDYOG aCB-D.11/2023-2064 aCB-D.11/2023-2064